000 00622cam a2200193 4500500
005 20260111080332.0
041 _afre
042 _adc
100 1 0 _aDufresnoy, Philippe
_eauthor
245 0 0 _aLe pacte financier avec la commune de Grigny
260 _c2019.
500 _a35
690 _acommune en difficulté
690 _afinances locales
690 _aGrigny
690 _apacte financier
786 0 _nGestion & Finances Publiques | 3 | 3 | 2019-08-29 | p. 59-62 | 1969-1009
856 4 1 _uhttps://droit.cairn.info/revue-gestion-et-finances-publiques-2019-3-page-59?lang=fr&redirect-ssocas=7080
999 _c1616162
_d1616162